تاریخ تذکره های فارسی ;; Tarikh -e- tajkira ha -e- farsi / (Record no. 78415)
[ view plain ]
| 000 -LEADER | |
|---|---|
| fixed length control field | 00736aaa a2200217 a 4500 |
| 001 - CONTROL NUMBER | |
| control field | 78415 |
| 003 - CONTROL NUMBER IDENTIFIER | |
| rucl marc code | BD-RjUL |
| 005 - DATE AND TIME OF LATEST TRANSACTION | |
| control field | 20211209083127.0 |
| 008 - FIXED-LENGTH DATA ELEMENTS--GENERAL INFORMATION | |
| fixed length control field | 210920s19241343ir ||||| |||| 001 0 per d |
| 035 ## - SYSTEM CONTROL NUMBER | |
| System control number | (BD-RjUL)78641 |
| 040 ## - CATALOGING SOURCE | |
| Original cataloging agency | BD-RjUL |
| Language of cataloging | eng |
| Transcribing agency | BD-RjUL |
| 041 ## - LANGUAGE CODE | |
| Language code of text/sound track or separate title | per |
| 082 ## - DEWEY DECIMAL CLASSIFICATION NUMBER | |
| Edition number | 23 |
| Classification number | 955 |
| Author mark and year | MAT 1924 |
| 100 1# - MAIN ENTRY--PERSONAL NAME | |
| Personal name | Maani, Ahmad Golchin ;; معنی, احمد گلچین |
| 9 (RLIN) | 248172 |
| 245 10 - TITLE STATEMENT | |
| Title | تاریخ تذکره های فارسی ;; Tarikh -e- tajkira ha -e- farsi / |
| Statement of responsibility, etc. | احمد گلچین معانی ;; Ahmad Golchin Maani |
| 250 ## - EDITION STATEMENT | |
| Edition statement | 2nd.ed. |
| 260 ## - PUBLICATION, DISTRIBUTION, ETC. (IMPRINT) | |
| Place of publication, distribution, etc. | Iran : |
| Name of publisher, distributor, etc. | kitab khanah sunani ;; , کتاب خانه سنانی |
| Date of publication, distribution, etc. | 1924 |
| 300 ## - PHYSICAL DESCRIPTION | |
| Pagination | 1006 p. ; |
| Size | 24cm. |
| 650 ## - SUBJECT ADDED ENTRY--TOPICAL TERM | |
| Topical term or geographic name as entry element | History |
| Form subdivision | farsi |
| 9 (RLIN) | 248173 |
| 942 ## - ADDED ENTRY ELEMENTS (KOHA) | |
| Source of classification or shelving scheme | Dewey Decimal Classification |
| Koha item type | Books |
| Lost status | Source of classification or shelving scheme | Damaged status | Not for loan | Collection code | Permanent Location | Current Location | Shelving location | Date acquired | Source of acquisition | Total Checkouts | Full call number | Date last seen | Copy number | Koha item type |
|---|---|---|---|---|---|---|---|---|---|---|---|---|---|---|
| Dewey Decimal Classification | Not For Loan | Non-fiction | Central Library, University of Rajshahi | Central Library, University of Rajshahi | Reading Room | 13/08/2007 | Iran Embassy, Dhaka | F 955 MAT 1924 | 20/09/2021 | C-1 | Books |